000 00404nam a2200157Ia 4500
008 250916s9999 xx 000 0 und d
020 _a978-3-031-26211-1
082 _a005.133 REG
100 _aOregan, Gerard
245 0 _aMathematical foundations of software engineering
250 _a1st
260 _aNew York:
_bSpringer,
_c2023
300 _a519 p.
600 _aComputer Science
942 _cBK
999 _c31635
_d31635